00767nam a2200229 a 45000010005000000030008000050050017000130080041000300200015000710350018000860400031001040410008001350820018001431000027001612450079001882600123002673000037003905000025004276500026004527000023004788300036005018387BD-RjUL20211208234559.0140118r19741961maua 000 0 eng d a0875840175 a(BD-RjUL)8432 aDLC/ICUcICUdBD-RjULbeng aeng00a519bRAA 19741 aRaiffa, Howard,d1924-10aApplied statistical decision theory /cHoward Raiffa and Robert Schlaifer. aBoston :bDivision of Research, Graduate School of Business Adminitration, Harvard University,cc1961 [Printing 1974]. axxviii, 356 p. :bill. ;c26 cm. aGraph in end pocket. 0aStatistical decision.10aSchlaifer, Robert. 0aStudies in managerial economics